000 00415nam a2200169Ia 4500
003 0STCL
008 150530s9999 xx 000 0 und d
040 _aSTCL
_cSTCL
100 _aSpinoza; Andrew Boyle; Editor
245 _aSpinozas Ethics and on the correction of the understanding
250 _aFirst
260 _c1977
546 _aEnglish
942 _2ddc
_cBK
999 _c60439
_d60439
005 20220125171135.0